000 00459nam a2200169Ia 4500
005 20250923144450.0
008 008 250917s9999 xx 000 0 eng d
037 _aTextual
040 _aDSWL
_beng
_cDSWL
041 _aeng
_2eng
084 _qDSWL
245 0 _aPersonality and the behaviour disorders
_cEd. by J. McV. Hunt
260 _aNew York
_b Ronald Press Company
_c1944
300 _axii,618p.
942 _cTEXL
999 _c1439218
_d1439218